Todd & Wilson's textbook on Trusts / (Record no. 5913)

MARC details
000 -LEADER
fixed length control field 00515nam a22001817a 4500
008 - FIXED-LENGTH DATA ELEMENTS--GENERAL INFORMATION
fixed length control field 140630b xxu||||| |||| 00| 0 eng d
020 ## - INTERNATIONAL STANDARD BOOK NUMBER
International Standard Book Number 9-7801-9959-3385
082 ## - DEWEY DECIMAL CLASSIFICATION NUMBER
Edition number 22 ed.
Classification number 346.059 WIL
100 ## - MAIN ENTRY--PERSONAL NAME
Personal name Wilson, Sarah
245 ## - TITLE STATEMENT
Title Todd & Wilson's textbook on Trusts /
Statement of responsibility, etc Sarah Wilson
250 ## - EDITION STATEMENT
Edition statement 10 ed.
260 ## - PUBLICATION, DISTRIBUTION, ETC. (IMPRINT)
Place of publication, distribution, etc USA :
Name of publisher, distributor, etc Oxfor univ. press
Date of publication, distribution, etc 2011
300 ## - PHYSICAL DESCRIPTION
Extent xxxv, 501 P. ;
Dimensions 25 cm.
500 ## - GENERAL NOTE
General note Includes Index
650 ## - SUBJECT ADDED ENTRY--TOPICAL TERM
Topical term or geographic name as entry element Trusts
650 ## - SUBJECT ADDED ENTRY--TOPICAL TERM
Topical term or geographic name as entry element Todd & Wilson's textbook on Trusts
942 ## - ADDED ENTRY ELEMENTS (KOHA)
Source of classification or shelving scheme Dewey Decimal Classification
Item type Books
Holdings
Withdrawn status Lost status Source of classification or shelving scheme Damaged status Not for loan Home library Current library Shelving location Date acquired Total Checkouts Full call number Barcode Date last seen Copy number Price effective from Koha item type Public note
    Dewey Decimal Classification     Law Development Centre Main Library Law Development Centre Main Library Text Books and Laws 06/30/2014   346.059 WIL 9990/2014 06/30/2014 1 06/30/2014 Books reserve
    Dewey Decimal Classification     Law Development Centre Main Library Law Development Centre Main Library Text Books and Laws 06/30/2014   346.059 WIL 9991/2014 06/30/2014 2 06/30/2014 Books reserve